[Event "Oslo Chess Festival 2017"]
[Site "Oslo"]
[Date "2017.10.02"]
[Round "4"]
[White "Gajewski, Grzegorz"]
[Black "Chu, Wei Chao"]
[Result "1/2-1/2"]
[WhiteElo "2630"]
[BlackElo "2340"]
[Annotator "TA"]
[PlyCount "118"]
[EventType "swiss"]
[EventCountry "NOR"]
[SourceTitle "playchess.com"]
[Source "ChessBase"]
[SourceQuality "1"]

{[%evp 17,118,16,41,0,0,-4,29,-13,4,-13,-5,-5,0,-41,-34,-29,-17,-30,-35,-42,-39,-27,4,0,0,0,5,0,0,0,0,0,0,0,84,78,88,86,65,72,135,137,135,132,124,110,351,341,302,33,33,35,125,132,125,24,24,24,24,24,24,24,24,24,24,24,24,24,24,24,24,24,24,24,24,24,24,24,24,24,24,24,44,44,44,22,22,0,0,0,0,0,0,0,0,0,0,0,0,-8,0,0,0]} 1. d4 Nf6 2. c4 g6 3. Nc3 d5 4. e3 Bg7 5. cxd5 Nxd5 6. Bc4 Nb6 7. Bb3 O-O 8. Nf3 c5 9. O-O {D94: Grünfeld: 4 Nf3 Bg7 5 e3} Na6 {LiveBook: 19 Games} (9... cxd4 10. exd4 Bg4 11. d5 N8d7 12. h3 Bxf3 13. Qxf3 Nc5 14. Rd1 Nxb3 15. axb3 Nc8 16. Be3 a6 17. b4 Nd6 18. Na4 Nc4 19. Bd4 Bxd4 20. Rxd4 b5 21. Nc5 {1-0 (68) Li,C (2750)-Ipatov,A (2619) Doha 2015}) 10. Ne5 Bf5 $146 ({Predecessor:} 10... e6 11. f4 Bd7 12. Qe2 cxd4 13. exd4 Nb4 14. Be3 Bc6 15. a3 N4d5 16. Rac1 Qe7 17. Nxc6 bxc6 {0-1 (36) Izquierdo,D (2261)-El Debs,F (2507) Caxias do Sul 2012}) 11. f4 Rc8 12. g4 Be6 13. d5 Bd7 14. a4 c4 15. Ba2 e6 16. e4 Nc5 {[%cal Rb6a4]} 17. Nxd7 Qxd7 18. a5 Nba4 19. dxe6 Qd4+ 20. Qxd4 Bxd4+ 21. Kg2 Nxc3 22. bxc3 Bxc3 23. Rb1 $36 {[%mdl 2048] Threatens to win with exf7+. White is more active.} Nxe4 24. Rxb7 fxe6 25. Rxa7 Bd4 (25... Rfd8 $1 $11 {remains equal.}) 26. Rd7 $16 Nc3 27. Rxd4 Nxa2 28. Ba3 Rfd8 (28... Rf7 $142) 29. Rxd8+ $1 Rxd8 {[%mdl 4096] Endgame KRB-KRN} 30. Ra1 $1 {[%cal Ra1a2]} Nc3 31. a6 {[%cal Ba5a6,Ba6a7][%mdl 32]} Ne4 $2 (31... Nb5 $16) 32. a7 $18 {Rb1 is the strong threat.} Ra8 {[#]} 33. Bb4 $2 ({White must play} 33. Bc1 $1 $18) 33... c3 $1 $14 34. Kf3 Nd2+ ({Better is} 34... c2 $14) 35. Ke3 $16 Nb3 {[#]} 36. Ra3 (36. Ra2 $1 $16 c2 37. Rxc2 Rxa7 38. Rc8+ Kf7 39. Rh8) 36... c2 $11 37. Bd2 $1 c1=Q 38. Bxc1 Nxc1 {KRN-KR} 39. Kd4 {Threatening Kc5.} Ne2+ 40. Kc5 {Strongly threatening Kb6.} Nxf4 41. Kb6 Kg7 42. Kb7 Rxa7+ 43. Rxa7 {KR-KN} Kf6 44. Kc6 Kg5 45. Rxh7 Kxg4 46. Kd6 Kf5 47. Rf7+ Ke4 48. Ke7 {And now Kf6 would win.} Ke5 49. Kf8 {next Kg7 is good for White.} Nh5 50. Kg8 {aiming for Kh7.} Ke4 51. Rf1 {Black must now prevent Kf7.} Nf4 {The position is equal.} 52. Kg7 {Hoping for Kf6.} Kf5 53. Kh6 e5 54. Rg1 e4 55. Rg3 Kf6 56. Re3 Kf5 57. Re1 Nd3 58. Re2 Ne5 59. h4 Nf3 {Precision: White = 61%, Black = 64%.} 1/2-1/2

[Event "Oslo Chess Festival 2017"]
[Site "Oslo"]
[Date "2017.10.02"]
[Round "4"]
[White "Maze, Sebastien"]
[Black "Pigott, John C"]
[Result "1-0"]
[WhiteElo "2614"]
[BlackElo "2408"]
[Annotator "TA"]
[PlyCount "101"]
[EventType "swiss"]
[EventCountry "NOR"]
[SourceTitle "playchess.com"]
[Source "ChessBase"]
[SourceQuality "1"]

{[%evp 14,101,15,21,25,26,106,100,93,15,98,83,111,95,105,54,125,108,157,88,97,35,50,40,72,39,44,52,61,47,132,125,126,127,125,108,112,109,112,127,112,49,111,116,114,106,122,122,122,118,114,114,114,114,152,152,262,262,262,262,258,258,282,282,271,264,483,263,263,263,560,282,561,552,566,563,560,548,560,531,542,489,968,539,524,509,494,492,774,766]} 1. e4 e6 2. d4 d5 3. Nd2 Be7 4. c3 c5 5. dxc5 Nf6 (5... Bxc5 6. Bd3 Nc6 7. Ngf3 Nf6 8. O-O O-O 9. e5 Nd7 10. Nb3 Bb6 11. Re1 f6 12. exf6 Nxf6 13. Nbd4 Qd6 14. Be3 Ng4 15. Bxh7+ Kh8 16. Bc2 e5 17. Nxc6 Nxe3 18. Rxe3 Bxe3 19. Ncxe5 Bxf2+ {1-0 (49) Vallejo Pons,F (2716)-Sadorra,J (2560) Baku 2016}) 6. exd5 {C03: French Tarrasch: Unusual Black 3rd moves} Qxd5 7. b4 O-O 8. Ngf3 {LiveBook: 7 Games. The position is equal.} Rd8 $146 ({Predecessor:} 8... b6 9. Bc4 Qc6 10. O-O bxc5 11. b5 Qc7 12. a4 a6 13. Rb1 {½-½ (60) Gallagher,J (2507)-Arizmendi Martinez,J (2571) Legnica 2013}) 9. Bc4 Qf5 (9... Qh5 $11) 10. O-O $1 $16 Nd5 11. Qb3 (11. Bb2 $16) 11... Nxc3 (11... Nf4 $11 {keeps the balance.}) 12. Bb2 (12. Qxc3 Bf6 $11) 12... Nd5 13. Rfe1 Nc6 14. a3 $1 Nf6 (14... Nf4 $1 $14) 15. Nf1 Bd7 16. h3 (16. Bd3 $142 Qf4 17. b5) 16... Qf4 17. Ne5 ({White should try} 17. Bd3 $16) 17... Nxe5 $14 (17... Ne4 $2 18. Nd3 $18) 18. Bxe5 Qh4 19. Bc7 Re8 20. Bg3 Qh6 21. Ne3 b6 (21... a5 $14) 22. Rad1 $16 bxc5 23. Ng4 Nxg4 24. hxg4 ({Much worse is} 24. Rxd7 $6 Nf6 $14) 24... Rad8 25. Bc7 cxb4 26. Bxd8 Rxd8 27. Rd3 ({Of course not} 27. axb4 $6 Qf4 $11) (27. Qg3 $16 {Strongly threatening Qc7.} Qg5 28. Qc7) 27... Qf4 (27... Qg5 $14) 28. Red1 Qc7 ({Don't go for} 28... Bc5 $2 29. Qc2 $18) 29. axb4 Be8 30. Rxd8 Bxd8 31. Qd3 Be7 32. Bb5 Bxb5 33. Qxb5 {[%mdl 4096] Endgame KQR-KQB} g6 34. g3 $36 {[%mdl 2048] aiming for Rd7. Keeping Black busy.} Bf8 (34... Bd6 $16 35. g5 Kg7) 35. Qe8 $18 Qe7 36. Qxe7 $1 Bxe7 {[#] KR-KB} 37. b5 $1 Bc5 {[#]} 38. g5 $1 Kf8 39. Rd7 Bb6 $2 (39... e5 40. Kg2 Bb6) 40. Kg2 (40. Kf1 $142 Ke8 41. Rb7) 40... Ke8 41. Rb7 Kf8 $2 (41... e5 {might work better.} 42. f3 Be3) 42. Kf3 Kg7 $2 (42... Ke8 {was worth a try.} 43. Rb8+ Ke7) 43. Ke2 {White is clearly winning.} Kf8 44. f3 Kg7 45. Kd3 Bg1 46. Ke4 Bf2 47. g4 Bb6 (47... Kf8 $142 48. f4 Bb6) 48. Ke5 Bc5 49. Rd7 Bb6 50. Kd6 Bf2 (50... Kf8 $142 51. Ke5 Ke8) 51. Ke7 {Precision: White = 77%, Black = 34%.} 1-0

[Event "Oslo Chess Festival 2017"]
[Site "Oslo"]
[Date "2017.10.02"]
[Round "4"]
[White "Blomqvist, Erik"]
[Black "Mikalsen, Erlend"]
[Result "1-0"]
[WhiteElo "2521"]
[BlackElo "2322"]
[Annotator "TA"]
[PlyCount "57"]
[EventType "swiss"]
[EventCountry "NOR"]
[SourceTitle "playchess.com"]
[Source "ChessBase"]
[SourceQuality "1"]

{[%evp 19,56,-2,11,11,0,9,42,39,51,44,46,50,95,95,85,79,99,100,165,142,213,210,299,287,1270,1233,1203,970,29989,2404,2650,2186,29996,29997,29997,29998,29998,29999,29999]} 1. Nf3 d5 2. g3 Bg4 3. Bg2 c6 4. c4 e6 5. cxd5 exd5 6. Qb3 {A11: English Opening: 1...c6} Qb6 7. Qc2 Nf6 8. O-O Bd6 (8... Nbd7 9. d3 Be7 10. e4 O-O 11. Nc3 dxe4 12. dxe4 Qa5 13. h3 Bxf3 14. Bxf3 Rad8 {1-0 (53) Mchedlishvili,M (2601)-Tomashevsky,E (2716) Doha 2016}) 9. Nc3 O-O 10. d3 Nbd7 {LiveBook: 17 Games} 11. e4 Rfe8 12. Be3 Qa5 13. Nd4 dxe4 14. dxe4 Qh5 15. f3 $146 Bh3 16. Bxh3 Qxh3 17. Nf5 Bc7 18. Rad1 Ne5 {[#]} (18... g6 $16 {might work better.} 19. Nd6 Bxd6 20. Rxd6 Re6) 19. Nb5 $1 $36 {[%mdl 2560] White is on the roll.} Bb6 (19... Bb8 $16) (19... cxb5 20. Qxc7) 20. Bxb6 axb6 (20... cxb5 $142 21. Bd4 Rac8) 21. Nc7 $1 {[%csl LRa8,LRe8]} Rxa2 $2 (21... g6) 22. Nxe8 Nxe8 23. Rd8 {[%cal Rd8e8]} Kf8 24. Qc3 (24. Qd1 $142 Qxf1+ 25. Kxf1 f6 26. Qd6+ Kf7 27. Qe7+ Kg6 28. Qxe8+ Nf7 29. Qg8) 24... Ra5 25. b4 Ra2 {[#]} 26. Rxe8+ $1 {[%mdl 512] White mates.} Kxe8 27. Qxe5+ Kd7 28. Qd6+ Kc8 29. Ne7# {Precision: White = 81%, Black = 20%.} 1-0

[Event "Oslo Chess Festival 2017"]
[Site "Oslo"]
[Date "2017.10.02"]
[Round "4"]
[White "Stany, G A"]
[Black "Vovk, Andriy"]
[Result "1/2-1/2"]
[WhiteElo "2491"]
[BlackElo "2622"]
[Annotator "TA"]
[PlyCount "129"]
[EventType "swiss"]
[EventCountry "NOR"]
[SourceTitle "playchess.com"]
[Source "ChessBase"]
[SourceQuality "1"]

{[%evp 15,129,43,57,4,45,29,39,0,0,0,0,0,0,-49,-43,-37,-43,-47,-44,-44,-37,-111,-72,-71,-64,-78,-75,-72,-52,-120,-44,-44,-44,-45,-45,-75,-48,-35,-5,-22,-8,-8,-1,-35,-13,-13,-6,-12,-21,-31,0,-13,0,0,0,-8,0,0,0,0,0,0,0,0,0,-33,-32,-37,-20,-56,-62,-101,-83,-114,-111,-115,-100,-107,-103,-157,-107,-108,-93,-94,-73,-79,-50,-77,-30,-80,-70,-70,-50,-50,-8,-8,-8,-8,-8,-8,0,0,0,0,0,0,0,0,0,0,0,0,0,0,0,0]} 1. e4 c5 2. Nf3 d6 3. d4 cxd4 4. Nxd4 Nf6 5. Nc3 Nc6 6. f3 Qb6 7. Nb3 a6 {B56: Sizilianisch (Abweichung von Sozin- und Richter/Rauser-Variante)} 8. Qe2 e6 {LiveBook: 72 Partien} 9. a4 (9. Be3 $14 Qc7 10. Qf2) (9. Be3 Qc7 10. O-O-O Be7 11. Kb1 b5 12. g4 Bb7 13. Qf2 Nd7 14. h4 Nce5 15. g5 Rc8 {½-½ (74) Timmermans,M (2415)-Fier,A (2581) Amsterdam 2017}) 9... e5 $146 ({Vorgänger:} 9... Na5 10. Be3 Qc7 11. Qf2 Nd7 12. Nxa5 Qxa5 13. Bd3 b5 14. O-O b4 15. Ne2 Be7 {1-0 (37) Klima,L (2357)-Belunek,V (2368) Karvina 2002}) 10. Be3 Qc7 11. O-O-O Be6 $1 12. Kb1 Nb4 13. g4 h6 14. Rg1 d5 15. exd5 Nfxd5 16. Nxd5 Nxd5 17. Bd2 Rc8 18. Rc1 (18. Qe4 $15) 18... Be7 19. Qe1 Bg5 20. Bd3 Bxd2 21. Qxd2 Nf4 22. Bf5 {[#]} ({Günstiger ist} 22. Be4 $15) 22... O-O (22... Bxf5 $1 $17 23. gxf5 O-O) 23. Bxe6 $15 Nxe6 24. Rge1 Rfd8 25. Qa5 Qc6 26. Qxe5 Qxa4 (26... Qxf3 {looks sharper.} 27. Qf5 Qh3 28. Re2 Rc7 29. a5 Rcd7) 27. Qe4 (27. h4 {seems wilder.} b6 28. Red1 Qc6 29. Qe2 Re8 30. Qf2) 27... Qxe4 (27... b5 {with more complications.} 28. h4 Qc4 29. Qb7 Qb4 30. Rcd1 a5) 28. Rxe4 Rd5 29. f4 g6 30. Rf1 Rcd8 31. f5 gxf5 32. gxf5 Ng5 (32... Nd4 {feels hotter.} 33. Nc1 Nxf5 34. Ref4 Nd6 35. Nb3 Re5) 33. Re7 R5d7 34. Rxd7 Rxd7 $11 {[%mdl 4096] Endspiel KTS-KTS} 35. c3 Kg7 36. Kc2 Kf6 37. Nc5 Rc7 38. b4 a5 {[#] Droht ...axb4 und aus.} 39. h4 Nh7 {Droht ...axb4.} 40. Kd3 axb4 41. cxb4 Ke5 42. Nb3 Nf6 43. Nd4 Nd5 44. Re1+ Kf6 45. b5 Nb4+ 46. Kd2 Rc4 47. Nb3 (47. Ne2 $142) 47... Rc2+ ({Auf keinen Fall} 47... Kxf5 48. Re7 $15) 48. Kd1 Rc3 49. Nd2 Rd3 ({Viel schwächer wäre} 49... Kxf5 $6 50. Re7 $11) (49... Rc7 {is more complex.} 50. Ne4+ Ke5 51. Ng3+ Kf4 52. Nh5+ Kg4) 50. Re8 Rd7 51. Ke2 Nd5 52. Nc4 Nc3+ 53. Kf3 Nxb5 {Und weiter mit ...Sd4+ wäre nett.} 54. Ne5 Rc7 55. Ng4+ {Die Stellung ist ausgeglichen.} Kg7 56. f6+ Kh7 57. Re7 h5 58. Ne5 Rxe7 59. fxe7 {KS-KS} Nd6 60. Nxf7 Ne8 61. Ke4 Kg6 62. Nd8 Kf6 63. Nxb7 Kxe7 64. Kf5 Nd6+ 65. Nxd6 {Precision: Weiß = 47%, Schwarz = 56%.} 1/2-1/2

[Event "Oslo Chess Festival 2017"]
[Site "Oslo"]
[Date "2017.10.01"]
[Round "4"]
[White "Li, Di"]
[Black "Cornette, Matthieu"]
[Result "1-0"]
[WhiteElo "2459"]
[BlackElo "2602"]
[Annotator "TA"]
[PlyCount "73"]
[EventType "swiss"]
[EventCountry "NOR"]
[SourceTitle "playchess.com"]
[Source "ChessBase"]
[SourceQuality "1"]

{[%evp 21,73,19,23,18,15,12,8,19,52,48,64,54,52,44,94,100,97,96,96,88,90,93,104,80,81,69,68,45,108,116,119,115,163,153,196,187,191,190,190,182,185,185,260,240,454,439,452,497,561,560,532,532,627,619]} 1. Nf3 Nf6 2. c4 e6 3. Nc3 d5 4. d4 Bb4 5. Bg5 h6 6. Bxf6 Qxf6 7. Qb3 c5 8. cxd5 exd5 9. a3 Bxc3+ 10. Qxc3 c4 {D38: Damengambit (Ragosin-Verteidigung)} 11. b3 Be6 {LiveBook: 3 Partien} 12. bxc4 $146 ({Vorgänger:} 12. Ne5 O-O 13. e3 Nc6 14. Be2 Nxe5 15. dxe5 Qg6 16. O-O d4 17. exd4 cxb3 18. Bf3 {0-1 (32) Dreev,A (2648)-Carlsen,M (2822) Tbilisi 2017}) 12... dxc4 {Die Stellung ist ausgeglichen.} 13. e4 O-O 14. Be2 ({Falsch wäre} 14. Bxc4 $2 Rc8 $19) 14... Nc6 15. Rc1 $1 {Droht d5 und aus.} Bg4 {Droht ...Lxf3.} 16. d5 {Droht stark Dxf6.} Qxc3+ 17. Rxc3 Na5 18. Nd4 ({Aber nicht} 18. Bxc4 $2 Bxf3 19. gxf3 Rfc8 $19) 18... Rfe8 19. Re3 $1 Bd7 20. Kd2 Rac8 21. Kc3 Rc5 22. Rb1 b6 23. Rb4 Rec8 24. h3 Nb3 (24... f5 $1 $14) 25. Nxb3 $16 cxb3+ 26. Kd4 f5 27. Rbxb3 Rc2 {Schwarz will ...f4 spielen.} 28. Bd3 Rxf2 {[#]} 29. Rf3 $1 {[%cal Rf3f2]} Rxg2 30. e5 Rd8 31. Rc3 Be6 {[#]} (31... Rg1 $142) 32. d6 $1 $18 f4 $2 (32... g6 33. Rc7 a5) 33. Rxf4 {Weiß steht klar auf Gewinn.} Rd2 34. Ke3 Rh2 35. Bf5 Bxf5 36. Rxf5 Rxh3+ 37. Kd4 {Precision: Weiß = 86%, Schwarz = 54%.} 1-0

[Event "Oslo Chess Festival 2017"]
[Site "Oslo"]
[Date "2017.10.02"]
[Round "4"]
[White "Bartholomew, John"]
[Black "Haug, Johannes"]
[Result "1-0"]
[WhiteElo "2449"]
[BlackElo "2379"]
[Annotator "TA"]
[PlyCount "125"]
[EventType "swiss"]
[EventCountry "NOR"]
[SourceTitle "playchess.com"]
[Source "ChessBase"]
[SourceQuality "1"]

{[%evp 25,125,6,12,3,0,-8,0,6,0,0,14,-2,-8,0,13,7,14,8,34,42,43,47,32,50,45,44,43,25,40,16,16,12,10,7,8,14,28,20,36,35,50,51,125,125,125,125,125,125,125,92,136,128,179,179,179,179,163,172,226,114,486,486,466,475,424,424,486,424,424,424,673,595,1338,1439,1420,1227,772,731,1254,937,914,594,5291,29964,29978,29978,29978,29980,29978,29970,5691,4487,29980,29981,29980,29977,29978,29976,29985,29986,29986,29986]} 1. d4 Nf6 2. c4 e6 3. Nc3 Bb4 4. e3 O-O 5. Bd3 d5 6. Nf3 c5 7. O-O dxc4 8. Bxc4 b6 9. Qe2 cxd4 10. exd4 Bb7 11. Bg5 Bxc3 12. bxc3 Nbd7 13. Rac1 Qc7 14. Nd2 {E54: Nimzo-Indian: Rubinstein: Main Line: 7...dxc4 8 Bxc4} Rac8 (14... Nd5 15. f3 e5 16. Rfe1 Rae8 17. Bxd5 Bxd5 18. c4 Bb7 19. d5 f5 20. Be3 Rc8 {½-½ (47) Tomashevsky,E (2728)-Hou,Y (2673) Wijk aan Zee 2016}) 15. Bb3 Qc6 {[%csl Gb7][%cal Rc6g2]} 16. f3 {The position is equal.} b5 17. Rfe1 Qb6 {[#]} 18. c4 $146 ({Predecessor:} 18. Qf2 h6 19. Bh4 Nd5 {0-1 (42) Ehlvest,J (2591)-Kraai,J (2492) Saint Louis 2010}) 18... bxc4 19. Nxc4 Qa6 20. Ne5 Rxc1 21. Bxc1 {With the idea Qxa6.} Qd6 (21... Qb6 {is more complex.} 22. Be3 Qd6 23. Bf2 Nd5 24. Nc4 Qc6) 22. Nxf7 Rxf7 23. Qxe6 Qxe6 24. Bxe6 Bd5 25. Bxf7+ Kxf7 26. Bd2 Nb8 27. Bb4 Nc6 28. Bc5 Bxa2 29. Ra1 Bc4 30. Bxa7 Ke6 31. Bc5 Nd7 32. Ra8 Nxc5 33. dxc5 Kd5 (33... h5 $14) 34. Rg8 $16 g6 35. Rg7 Kxc5 36. Rxh7 Kd6 37. Kf2 Ne7 38. h4 Ke6 {[#]} (38... Bg8 $16 {is a better defense.} 39. Rh6 Kd5) 39. h5 $1 $18 {[%cal Rh5h6]} gxh5 40. Rxh5 Kf6 41. g4 Be6 (41... Bf7 $142) 42. Kg3 (42. Rh6+ $18 Ng6 43. Kg3) 42... Kf7 $2 {[%mdl 8192]} (42... Nd5 $16 {is a better chance.} 43. Rh1 Bd7 44. Rh6+ Ke5) 43. Rh7+ Kf8 44. f4 Bg8 45. Rh6 Kg7 46. Ra6 Bh7 47. Kh4 Kf7 (47... Bd3 $142 48. Rd6 Bc4) 48. Kg5 Bd3 49. Rf6+ Kg7 50. Rd6 Bb5 51. f5 Kf7 52. Rf6+ Ke8 53. Rb6 Bd7 54. Rd6 Nc6 55. Kf6 Ne7 56. Rd2 Bb5 57. Rb2 Nd5+ 58. Kg7 Bd7 59. Re2+ {White mates.} Kd8 60. Re4 Nc7 61. f6 {[%cal Bf5f6,Bf6f7][%mdl 32]} Ne6+ {[#]} 62. Rxe6 $1 {[%mdl 512]} Bxe6 63. f7 {Precision: White = 77%, Black = 24%.} 1-0

[Event "Oslo Chess Festival 2017"]
[Site "Oslo"]
[Date "2017.10.02"]
[Round "4"]
[White "Ostenstad, Berge"]
[Black "Devereaux, Maxim L"]
[Result "1-0"]
[WhiteElo "2447"]
[BlackElo "2357"]
[Annotator "TA"]
[PlyCount "93"]
[EventType "swiss"]
[EventCountry "NOR"]
[SourceTitle "playchess.com"]
[Source "ChessBase"]
[SourceQuality "1"]

{[%evp 24,93,20,17,16,0,54,31,39,0,102,0,10,-43,-44,-41,-47,-64,-62,-31,0,-22,14,0,0,0,0,0,0,0,0,0,0,-34,-31,-18,-18,-13,-8,-25,-29,-40,0,-14,-18,-77,0,0,0,0,224,210,189,144,301,311,1493,997,12842,12843,12843,12843,12844,12844,12845,12845,12845,12846,12846,12846,12846,12847]} 1. d4 Nf6 2. c4 g6 3. Nc3 d5 4. cxd5 Nxd5 5. e4 Nxc3 6. bxc3 Bg7 7. Be3 O-O 8. Nf3 c5 9. Qd2 Bg4 10. d5 {D85: Exchange Grünfeld: Unusual White 7th moves and lines with 7 Nf3} Bxf3 11. gxf3 Nd7 $146 ({Predecessor:} 11... b6 12. Rc1 e6 13. dxe6 Qxd2+ 14. Kxd2 fxe6 15. Bc4 Kf7 16. f4 Nc6 17. Ke2 Ke7 {1-0 (30) Markus,R (2584)-Bykhovsky,A (2368) playchess.com INT 2005}) 12. f4 Qa5 13. Rc1 {LiveBook: 4 Games} c4 14. e5 b5 (14... Nb6 $11) 15. Bg2 Rad8 16. O-O g5 (16... Nb6 $11) 17. fxg5 (17. Bd4 $16) 17... Nxe5 $11 18. Bd4 (18. Be4 $11) 18... Nd3 $15 19. Bxg7 Kxg7 20. Rb1 a6 21. a4 Qb6 22. Kh1 Rh8 23. axb5 axb5 24. f4 {[%cal Bf2f4,Bf4f5][%mdl 32]} h6 {[#] aiming for ...hxg5.} 25. f5 {Black must now prevent f6+.} Rd6 26. Ra1 {Hoping for gxh6+.} hxg5 27. Qxg5+ Kf8 28. Ra8+ Rd8 29. f6 exf6 30. Rxd8+ Qxd8 31. Qxf6 Qxf6 32. Rxf6 $11 {[%mdl 4096] Endgame KRB-KRN} Kg7 33. Rb6 Ra8 34. h4 (34. h3 $11) 34... Ra1+ ({Black should play} 34... b4 $1 $17 {[%cal Rb4c3]} 35. cxb4 Rh8) 35. Kh2 Nf4 {[#] And now ...Ra2 would win.} 36. Bf3 Ra3 $2 (36... Ra2+ $11 {and Black has nothing to worry.} 37. Kg3 Ne2+ 38. Bxe2 Rxe2) 37. Kg3 $18 ({Worse is} 37. Rxb5 Rxc3 38. Bg4 (38. Kg3 $2 Ne2+ 39. Kg2 Nd4 $19) 38... Rd3 $15) 37... Nd3 38. d6 {White threatens d7 and mate.} ({And not} 38. Rxb5 Rxc3 39. Be4 Kf6 $11) 38... Ne5 $2 (38... Nc5 $16) 39. Rxb5 Nxf3 $2 {KRN-KR} (39... Nd7 40. Rb7 Nc5) 40. d7 {White is clearly winning.} ({Less strong is} 40. Kxf3 Rxc3+ 41. Ke4 Rd3 $11) 40... Rxc3 41. d8=Q {Kg4 would kill now.} Nd4+ 42. Kg4 Nxb5 43. Qg5+ Kf8 44. Qxb5 {Intending Qb4+ and mate.} Rc2 45. Qb8+ Kg7 46. Qe5+ Kg8 47. Kf3 {Precision: White = 50%, Black = 44%.} 1-0

[Event "Oslo Chess Festival 2017"]
[Site "Oslo"]
[Date "2017.10.02"]
[Round "4"]
[White "Xu, Yi"]
[Black "Chatalbashev, Boris"]
[Result "1/2-1/2"]
[WhiteElo "2439"]
[BlackElo "2537"]
[Annotator "TA"]
[PlyCount "34"]
[EventType "swiss"]
[EventCountry "NOR"]
[SourceTitle "playchess.com"]
[Source "ChessBase"]
[SourceQuality "1"]

{[%evp 13,34,27,20,5,13,0,0,0,7,0,0,-38,-37,-39,-37,-41,-24,-36,0,-47,-35,-34,-33]} 1. e4 c5 2. Nf3 Nc6 3. Bb5 g6 4. Bxc6 dxc6 5. h3 Bg7 6. d3 b6 {B31: Sicilian: 2...Nc6 3 Bb5 g6} (6... Nf6 7. Nc3 O-O 8. Bf4 Nh5 9. Be3 Qd6 10. Qd2 e5 11. O-O-O b5 12. Ne2 b4 13. g4 Nf6 14. Ng3 a5 15. c4 {0-1 (45) Vallejo Pons,F (2710)-Radjabov,T (2710) Moscow 2017}) 7. a4 a5 {LiveBook: 10 Games} 8. Nc3 e5 {The position is equal.} 9. Be3 Ne7 10. Qd2 h6 11. Nh2 Be6 12. f4 $146 ({Predecessor:} 12. Nb1 f5 13. Qc3 O-O 14. Na3 f4 15. Bd2 Qd4 16. Nf3 g5 {½-½ (29) Umudova,N (2145)-Smokina,K (2283) Kusadasi 2006}) 12... exf4 13. Bxf4 g5 14. Bg3 f5 {[%cal Bf7f5,Bf5f4][%mdl 32]} 15. Nf3 O-O (15... f4 $5 {[%cal Rf4g3]} 16. Bf2 Ra7 $15) 16. O-O-O f4 17. Bf2 Ra7 1/2-1/2

[Event "Oslo Chess Festival 2017"]
[Site "Oslo"]
[Date "2017.10.02"]
[Round "4"]
[White "Ernst, Thomas"]
[Black "Djurhuus, Rune"]
[Result "1/2-1/2"]
[WhiteElo "2371"]
[BlackElo "2417"]
[Annotator "TA"]
[PlyCount "172"]
[EventType "swiss"]
[EventCountry "NOR"]
[SourceTitle "playchess.com"]
[Source "ChessBase"]
[SourceQuality "1"]

{[%evp 13,172,30,32,16,22,1,19,24,25,4,30,0,0,-4,3,7,7,0,0,5,27,27,40,18,39,41,44,40,47,17,37,23,54,77,63,66,131,131,131,131,156,145,165,150,162,172,259,188,304,188,188,188,188,188,188,188,188,188,665,188,188,188,188,188,189,175,184,184,263,168,168,168,504,417,458,425,472,425,412,414,408,437,414,441,481,461,416,336,329,329,278,0,0,0,0,0,0,0,0,0,0,0,0,0,0,0,0,0,0,0,0,0,0,0,0,0,2,0,0,0,0,0,0,0,0,0,0,0,0,0,0,0,0,0,0,0,0,0,0,0,0,0,0,0,0,0,0,0,0,0,0,0,0,0,0,0,0,0,0,0,0]} 1. e4 Nc6 2. Nf3 d6 3. d4 Nf6 4. Nc3 g6 5. Bb5 a6 6. Bxc6+ {B00: Queen's Fianchetto Defence, Nimzowitsch Defence} bxc6 7. O-O Bg7 {LiveBook: 15 Games} 8. e5 {White is slightly better.} (8. h3 O-O 9. Be3 Rb8 10. b3 Nd7 11. Ne2 c5 12. c4 Bb7 13. Nc3 cxd4 14. Nxd4 c5 15. Nde2 f5 16. exf5 gxf5 {0-1 (48) Oleksienko,M (2636)-Zubov,A (2604) Lvov 2017}) 8... Nd5 9. Bd2 $146 ({Predecessor:} 9. Ne4 O-O 10. Re1 Bf5 11. Ng3 Qd7 12. c3 Rab8 13. Nxf5 Qxf5 {0-1 (46) Biti,O (2350)-Belamaric,G (2188) Portoroz 2005}) 9... O-O 10. Re1 Bf5 11. a3 Nb6 12. Bf4 a5 13. h3 a4 14. Qc1 Re8 15. Bh6 Bh8 16. g4 Bc8 17. Qf4 Bg7 18. Re2 Rf8 19. Bxg7 Kxg7 20. Rae1 $36 {[%mdl 2048] White has the initiative.} Ba6 21. Re4 d5 22. R4e3 Nc4 23. Nxa4 Nxe3 24. Rxe3 Be2 (24... Bd3 $14) 25. Nc5 $16 ({Not} 25. Rxe2 Rxa4 26. Qc1 Ra8 $15) 25... Bxf3 26. Rxf3 h6 27. a4 {[%mdl 1024] White has strong compensation.} Qc8 28. Kg2 f5 {and if ...g5 works, Black does fine.} 29. g5 h5 {[#]} (29... Kh7 {might work better.} 30. h4 (30. gxh6 g5 $14) 30... h5) 30. e6 $1 $18 Kg8 (30... Kh7 $142 31. Rb3 Rd8) 31. b3 Rd8 32. Qe5 Rd6 33. b4 Qf8 34. h4 Qb8 35. Rb3 Qa7 $2 (35... Qf8 36. Ra3 Kh7) 36. a5 $2 (36. Nd7 Kh7 37. Re3) 36... Qb8 37. Nd7 Qe8 38. Re3 Kh7 39. c3 Qh8 40. Qxh8+ Kxh8 {[%mdl 4096] Endgame KRR-KRN} (40... Rxh8 {is a better defense.} 41. Kf3 Ra8) 41. f4 Kg7 42. Kf2 Rxd7 $2 (42... Ra7 {is more resistant.} 43. Re1 Ra6) 43. exd7 {KR-KR} Kf7 44. Ke2 e6 45. Kd3 Ke7 46. Kc2 Kxd7 47. Kb3 Ra7 48. Re1 Kd6 49. Ra1 Kd7 50. Ka4 Kc8 51. Rb1 Kd7 52. b5 $2 (52. Re1 $18) 52... cxb5+ $11 {The position is equal.} 53. Rxb5 Ra8 54. Kb4 Kd6 55. c4 dxc4 56. Kxc4 c6 57. Re5 Ra7 58. Kb4 Ra8 59. Re3 Kd5 60. Ka4 Kd6 61. Ra3 Ra6 62. Rb3 Kc7 63. Kb4 Kd6 64. Re3 Ra8 65. Ra3 Kd5 66. a6 {Black must now prevent Ka5.} Kxd4 67. Ka5 e5 68. fxe5 Kxe5 69. Rc3 Kd6 70. Rd3+ Kc7 71. Re3 {[#] aiming for Re7+.} Kd6 72. Rb3 f4 73. Rb7 $1 {[%cal Rb7g7] And now Rg7 would win.} Ke5 74. Rf7 Ke4 75. Rf6 {Kb6 is the strong threat.} f3 76. Rxg6 Rf8 77. Re6+ Kd3 {Strongly threatening ...f2.} 78. Rxc6 f2 79. Rc1 f1=Q 80. Rxf1 Rxf1 {KR-K3P} 81. a7 Rf8 82. Kb6 Ke4 83. Kb7 Rf7+ 84. Kb6 Rf8 85. Kb7 Rf7+ 86. Kb8 Rf8+ {Precision: White = 76%, Black = 57%.} 1/2-1/2